| 000 | | | 08726cbc2a2200000#x 450 |
| 001 | | | c835977e-57bb-4f0b-98d9-b37e11925cef |
| 005 | | | 20180806114715.0 |
| 200 | 1# | $a | Сюита на коронацию Павла I. Печатное издание: СПб: Gerstenberg et Dittmar, [1797]. Хоровая партитура и оркестровые голоса |
| | $f | О. Козловский |
| | $e | [ноты] |
| | $j | [1796-1797] |
| 251 | ## | $c | Документ |
| 300 | ## | $a | Нотное издание отпечатано на бумаге вертикального формата 35х26 с поперечными вержерами. Бумага рыхлая, по краям не обрезана |
| 300 | ## | $a | Посвящение: Six polonoises, Trios Menuets / et Six Contredanses / à / grand Orhestre / composèes / à l’occasion du Couronnement de L.L.M.M. / I.I. L’Empereur de toutes les Russies Paul I / et l’Impératrice Marie Fedorowna / Dèdièes / à S. M. I. L’Empereur / Paul I. / Par / Son très obeissant Serviteur / J. Koslovsky Amateur / Oeuv. 8 / À St Petersburg et Gotha ches Gestenberg et Dittmar. [Шесть полонезов, Три менуэта и Шесть контрдансов для большого оркестра составленные по случаю коронации.. Их Императорских величеств всея Руси Павла I и императрицы Марии Федоровны, посвященные Его Императорскому Величеству Павлу Первому его наипокорнейшим слугой Йозефом Козловским, любителем] |
| 300 | ## | $a | Титульная надпись на французском языке: Six polonoises, Trios Menuets / et Six Contredanses / à / grand Orhestre / composèes / à l’occasion du Couronnement de L.L.M.M. / I.I. L’Empereur de toutes les Russies Paul I / et l’Impératrice Marie Fedorowna / Dèdièes / à S. M. I. L’Empereur / Paul I. / Par / Son très obeissant Serviteur / J. Koslovsky Amateur / Oeuv. 8 / À St Petersburg et Gotha ches Gestenberg et Dittmar. Участие хора и рогового оркестра в титуле не обозначено |
| 300 | ## | $a | Титульная надпись заключена в гравированную рамку с графическим орнаментом; верх рамки украшен гербом Российской империи, включенным в круг с короной в его верхней части и с растительным орнаментом по бокам. В центре верхней части титула имеется штамп лилового цвета с надписью: "Из библиотеки ИМПЕРАТРИЦЫ Елизаветы Алексеевны" |
| 300 | ## | $a | Научное название: О. А. Козловский. Шесть полонезов, три менуэта, шесть контрдансов для хора, симфонического и рогового оркестров с посвящением императору Павлу I. Партии симфонического и рогового оркестров, хоровая партитура |
| 300 | ## | $a | Датировано по: Сводный каталог российских нотных изданий. Том I: XVIII век / Сост. И. Ф. Безуглова, Н. Б. Захарьина, Т. Ф. Музычук. СПб.: Издательство Российской национальной библиотеки, 1996. С. 35—36. Номер доски 82 |
| 300 | ## | $a | При описании использованы материалы сайта РИИИ: http://www.bibl.artcenter.ru/books/13/ |
| 937 | ## | $h | ПБ |
| 801 | #0 | $a | RU |
| | $b | ПБ им. Б.Н. Ельцина |
| | $c | 20150202 |
| 801 | #1 | $a | RU |
| | $b | ПБ им. Б.Н. Ельцина |
| | $2 | rusmarc |
| 801 | #2 | $a | RU |
| | $b | ПБ им. Б.Н. Ельцина |
| | $g | RCR |
| | $2 | rusmarc |
| 100 | ## | $a | 20180806l17961797k y0rusy са |
| 101 | 0# | $a | fre |
| 102 | ## | $a | DE |
| 122 | 2# | $a | d1796###### |
| | $a | d1797###### |
| 215 | ## | $a | 27 л. (54 с.) |
| | $d | 35х26 |
| 517 | 1# | $a | О. А. Козловский. Шесть полонезов, три менуэта, шесть контрдансов для хора, симфонического и рогового оркестров с посвящением императору Павлу I. Партии симфонического и рогового оркестров, хоровая партитура |
| 461 | #0 | $1 | 0013c3884a3-f840-4ef3-a235-25fe9e1c986b |
| | $1 | 2001 |
| | $a | Собрание нотных рукописей и редких изданий нот |
| | $1 | 251 |
| | $c | Фонд |
| | $1 | 852 |
| | $j | 2 |
| 462 | #0 | $1 | 001bea061ef-5de4-4e6e-b1c6-e3c81318d8fd |
| | $1 | 2000 |
| | $a | Оп. 1 |
| | $v | Ед. хр. 558 |
| | $1 | 251 |
| | $c | Опись |
| | $1 | 852 |
| | $j | 1 |
| 852 | ## | $a | КР РИИИ |
| | $j | Ед. хр. 558 |
| 850 | ## | $a | Кабинет рукописей Российского института истории искусств |
| 125 | ## | $a | ay |
| 128 | ## | $a | op# |
| | $b | vu## |
| 208 | ## | $a | Хоровая партитура |
| 225 | 0# | $a | Фонд Собрание нотных рукописей и редких изданий нот |
| | $h | Опись № 1 |
| 700 | #1 | $3 | RU\NLR\AUTH\774403 |
| | $a | Козловский |
| | $b | О. А. |
| | $f | 1757-1831 |
| | $g | Осип Антонович |
| 330 | ## | $a | "Коронационная сюита" была написана Козловским к коронационным торжествам в честь Павла Первого (1754-1801) и предназначалась Козловским для Церемониального бала в честь Павла Петровича и Марии Федоровны, который состоялся 8 апреля в Грановитой палате. Она состоит из 15 частей: 6 полонезов, 3 менуэта и 6 контрдансов. Император Павел Первый короновался 5 апреля 1797 года в Москве |
| 600 | #0 | $2 | nlr_sh |
| | $3 | RU\NLR\AUTH\66181028 |
| | $a | Павел |
| | $c | император российский |
| | $d | I |
| | $f | 1754 - 1801 |
| 605 | ## | $2 | acquisition_Prlib |
| | $3 | DITM\AF\0000002775 |
| | $a | Власть |
| | $l | коллекция |
| 605 | ## | $2 | acquisition_Prlib |
| | $3 | DITM\AF\0000004166 |
| | $a | Россия в лицах |
| | $l | коллекция |
| 605 | ## | $2 | acquisition_Prlib |
| | $3 | LIBNET\UAF\0000008152 |
| | $a | Дом Романовых |
| | $l | коллекция |
| 606 | 1# | $2 | nlr_sh |
| | $3 | RU\NLR\AUTH\66729152 |
| | $a | Сюита |
| 606 | 1# | $2 | nlr_sh1 |
| | $3 | RU\NLR\AUTH\66190798 |
| | $a | Музыка |
| | $y | Россия |
| | $z | 18 в. |
| 686 | ## | $a | 85.313(2)5я01$vLBC/M$2rubbk |
| | $2 | rubbk |
| | $v | LBC/M |